Consolidations: elementary questions and solutions (Record no. 38475)

MARC details
000 -LEADER
fixed length control field 00828nam a2200229 a 4500
008 - FIXED-LENGTH DATA ELEMENTS--GENERAL INFORMATION
fixed length control field 070827s1987 ||||||||||||||||| || u
020 ## - INTERNATIONAL STANDARD BOOK NUMBER
International Standard Book Number 0627016669
050 ## - LIBRARY OF CONGRESS CALL NUMBER
Classification number HF 5635 Coe
100 ## - MAIN ENTRY--PERSONAL NAME
Personal name Coleske, C
245 10 - TITLE STATEMENT
Title Consolidations: elementary questions and solutions
Statement of responsibility, etc. A. Coetzee; C. Coleske; F. Doussy; S. F. Booysen; H. R. B. Oppermann
250 ## - EDITION STATEMENT
Edition statement 2nd
260 ## - PUBLICATION, DISTRIBUTION, ETC.
Place of publication, distribution, etc. Pretoria
Name of publisher, distributor, etc. J. L. Van Schaik
Date of publication, distribution, etc. 1987
300 ## - PHYSICAL DESCRIPTION
Extent 112p.: ill.
350 ## - PRICE (NR) (BK AM CF MU VM SE) [OBSOLETE]
Price 0.00
650 ## - SUBJECT ADDED ENTRY--TOPICAL TERM
Topical term or geographic name entry element CONSOLIDATED ACCOUNTS
650 #0 - SUBJECT ADDED ENTRY--TOPICAL TERM
Topical term or geographic name entry element ACCOUNTING--HANDBOOKS, MANUALS, ETC
700 ## - ADDED ENTRY--PERSONAL NAME
Personal name Booysen, S. F
700 ## - ADDED ENTRY--PERSONAL NAME
Personal name Coetzee, A
700 ## - ADDED ENTRY--PERSONAL NAME
Personal name Doussy, F
700 ## - ADDED ENTRY--PERSONAL NAME
Personal name Oppermann, H. R. B
995 ## - RECOMMENDATION 995 [LOCAL, UNIMARC FRANCE]
-- 0.00
-- CBU-MAIN LIBRARY (Kitwe)
-- 1
-- 0.00
-- 1
-- AVAILABLE
-- Aug 27, 2007
-- Main Library Open Access Collection
Holdings
Withdrawn status Lost status Source of classification or shelving scheme Damaged status Not for loan Home library Current library Shelving location Date acquired Total Checkouts Full call number Barcode Date last seen Price effective from Koha item type
          CBU-MAIN LIBRARY, KITWE. CBU-MAIN LIBRARY, KITWE.   11/30/2022   HF 5635 Coe 52006 11/30/2022 11/30/2022 MONOGRAPH